00696nam a2200157Ia 4500008004100000082001600041100003400057245009500091260007800186260000900264300000700273600003400280630009500314700003400409730009500443151202s9999||||xx |||||||||||||| ||und|| bPNVM-121066 aINDIAN STANDARDS INSTITUTION. aIndian Standard code of practice for electrical wiring& fittings in buildings IS:732-1958. bINDIAN STANDARDS INSTITUTION Manak Bhavan 9 Mathura Rd New Delhi 1100 01. c1958 a50 aINDIAN STANDARDS INSTITUTION. aIndian Standard code of practice for electrical wiring& fittings in buildings IS:732-1958. aINDIAN STANDARDS INSTITUTION. aIndian Standard code of practice for electrical wiring& fittings in buildings IS:732-1958.